History Quiz

Random History or Clickable Quiz

'H' American History Figures Quiz Stats

 Plays Quiz Updated Jan 9, 2018

Support Sporcle.
Go Orange.
Score 0/20 Timer 04:00
4 Plays Today
% Correct
Alexander Hamilton
85.8%
John Hancock
85.3%
Wild Bill Hickok
84.8%
J. Edgar Hoover
83%
Jimmy Hoffa
82.8%
William Randolph Hearst, Sr.
80.9%
Sam Houston
78.8%
Patrick Henry
73.1%
Warren G. Harding
72.2%
William Henry Harrison
72.1%
% Correct
Nathan Hale
69.1%
Rutherford B. Hayes
68%
Hubert Humphrey
65.8%
Oliver Wendell Holmes, Jr.
62.5%
Herbert Hoover
62.3%
Alger Hiss
61.4%
Elias Howe
60.1%
Zora Neale Hurston
58.1%
Anne Hutchinson
38.7%
Charles Evans Hughes
34.3%

From the Vault

Celebrities Behind the Camera

by Nacchi

It's almost as good as celebrities in front of it!
Remove Ads.
Support Sporcle.
Get the best of Sporcle when you Go Orange. This ad-free experience offers more features, more stats, and more fun while also helping to support Sporcle. Thank you for becoming a member.

Show Comments

Extras

Top Quizzes Today


Score Distribution

Your Account Isn't Verified!

In order to create a playlist on Sporcle, you need to verify the email address you used during registration. Go to your Sporcle Settings to finish the process.

Report this User

Report this user for behavior that violates our Community Guidelines.

Details: